Communicating for Managerial Effectiveness

Gespeichert in:
Bibliographische Detailangaben
1. Verfasser: Clampitt, Phillip G.
Format: Buch
Sprache:Englisch
Veröffentlicht: Newbury Park Sage Publ. 1991
Ausgabe:1. ed.
Schlagworte:
Tags: Tag hinzufügen
Keine Tags, Fügen Sie das erste Tag hinzu!

MARC

LEADER 00000nam a2200000 4500
001 c019366
005 20221206114457.3
020 |a 0-8039-3316-9 
041 0 |a eng 
044 |a US 
245 1 0 |a Communicating for Managerial Effectiveness  |c Phillip G. Clampitt 
250 |a 1. ed. 
264 1 |a Newbury Park  |b Sage Publ.  |c 1991 
300 |a 323 s. 
610 2 0 |a manažéri 
610 2 0 |a komunikácia 
610 2 0 |a komunikácia sociálna 
610 2 0 |a činiteľ ľudský 
610 2 0 |a vzťahy medziľudské 
610 2 0 |a vzťahy pracovné 
610 2 0 |a procesy sociálne 
610 2 0 |a proces informačný 
610 2 0 |a informácie 
610 2 0 |a etika sociálna 
100 1 |a Clampitt, Phillip G.